UM Logo

Penalty and barrier-based numerical optimization for efficiency and power density of interleaved buck/boost converter / (Record no. 20011)

MARC details
000 -LEADER
fixed length control field 01011nam a22002297a 4500
003 - CONTROL NUMBER IDENTIFIER
control field OSt
005 - DATE AND TIME OF LATEST TRANSACTION
control field 20251003172117.0
008 - FIXED-LENGTH DATA ELEMENTS--GENERAL INFORMATION
fixed length control field 240404b ||||| |||| 00| 0 eng d
040 ## - CATALOGING SOURCE
Transcribing agency 0
082 ## - DEWEY DECIMAL CLASSIFICATION NUMBER
Classification number DPer 621.317 Ie21 October 2022 v. 37 n. 10
100 ## - MAIN ENTRY--PERSONAL NAME
Personal name Ma, Xiaoyong.
Relator term author.
9 (RLIN) 56038
245 ## - TITLE STATEMENT
Title Penalty and barrier-based numerical optimization for efficiency and power density of interleaved buck/boost converter /
Statement of responsibility, etc. Xiaoyong Ma, Ping Wang, Yifeng Wang, Long Tao, and Pengyu Cheng.
260 ## - PUBLICATION, DISTRIBUTION, ETC. (IMPRINT)
Place of publication, distribution, etc. New York ;
Name of publisher, distributor, etc. The Institute of Electrical and Electronics Engineers, Inc. ,
Date of publication, distribution, etc. October 2022.
300 ## - PHYSICAL DESCRIPTION
Extent Volume 37, pages 12095-12107 :
Other physical details illustration ;
Dimensions 28 cm.
500 ## - GENERAL NOTE
General note IEEE Transactions on Power Electronics, v. 37, n. 10, pages 12095-12107, October 2022.
700 ## - ADDED ENTRY--PERSONAL NAME
Personal name Ma, Xiaoyong.
Relator term author.
9 (RLIN) 56038
700 ## - ADDED ENTRY--PERSONAL NAME
Personal name Wang, Ping.
Relator term author.
9 (RLIN) 56039
700 ## - ADDED ENTRY--PERSONAL NAME
Personal name Wang, Yifeng.
Relator term author.
9 (RLIN) 56040
700 ## - ADDED ENTRY--PERSONAL NAME
Personal name Tao, Long.
Relator term author.
9 (RLIN) 56041
700 ## - ADDED ENTRY--PERSONAL NAME
Personal name Cheng, Pengyu.
Relator term author.
9 (RLIN) 56042
942 ## - ADDED ENTRY ELEMENTS (KOHA)
Source of classification or shelving scheme Dewey Decimal Classification
Koha item type Periodicals
Holdings
Withdrawn status Lost status Source of classification or shelving scheme Damaged status Not for loan Collection code Home library Current library Date acquired Total Checkouts Full call number Date last seen Price effective from Koha item type Public note
    Dewey Decimal Classification     Periodicals UM Digos College - LIC UM Digos College - LIC 04/04/2024   DPer 621.317 Ie21 October 2022 v. 37 n. 10 04/04/2024 04/04/2024 Periodicals Periodical Article